000 00534nam a2200205Ia 4500
005 20250923144657.0
008 008 250917s9999 xx 000 0 eng d
037 _aTextual
040 _aDSWL
_beng
_cDSWL
041 _aeng
_2eng
084 _qDSWL
100 _aCowell, F.R.
_9827273
245 0 _aCulture in private and public life
_cby F.R. Cowell
260 _aLondon
_b thomas and Hudson
_c1959
300 _ax,356p.
365 _aINR
_b30
925 _g30
942 _cTEXL
999 _c1441927
_d1441927